000 00303nam a22001337a 4500
008 170816b xxu||||| |||| 00| 0 eng d
020 _a9780198555735
041 _aeng
080 _a51
100 _a36
101 _aMAT
245 _aQUANTA A HANDBOOK OF CONCEPT
_cATKINS.P.W
942 _2udc
_cBK
999 _c23773
_d23773